000 01052aam a2200325 i 4500
001 008067794
003 EG-ScBUE
005 20241015085311.0
008 020420t2004 gw f b 001 0 eng d
020 _a0471399175 (pbk.)
020 _a9780471399179
040 _aUk
_beng
_erda
_cUk
_dEG-ScBUE
082 0 4 _a515.35
_bNAY
_222
100 1 _aNayfeh, Ali Hasan,
_d1933-
_eauthor.
245 1 0 _aPerturbation methods /
_cAli Hasan Nayfeh.
264 1 _aWeinheim :
_bWiley-VCH Verlag GmbH & Co. KGaA,
_c[2004]
264 4 _cc2004
300 _axii, 425 pages ;
_c23 cm.
336 _2rdacontent
_atext
_btxt
337 _aunmediated
_2rdamedia
_bn
338 _avolume
_bnc
_2rdacarrier
490 0 _aWiley classics library
504 _aIncludes bibliographical references and index.
650 7 _aPerturbation (Mathematics)
_2BUEsh
_936431
650 7 _aAsymptotic expansions.
_2BUEsh
650 7 _aDifferential equations
_xNumerical solutions.
_2BUEsh
_936429
653 _bENGELC
_cMarch2015
655 _vReading book
_934232
942 _2ddc
_cBB
999 _c19110
_d19082